| 000 | 01899cam a22003134a 4500 | ||
|---|---|---|---|
| 008 | 061227s2006 sp b 000 0 spa | ||
| 010 | _a 2007417352 | ||
| 020 | _a3865273092 (Vervuert) | ||
| 020 | _a8484892883 (Iberoamericana) | ||
| 040 |
_aDLC _cDLC |
||
| 043 | _acl----- | ||
| 050 | 0 | 0 |
_aPQ7081.A1 _bP293 2006 |
| 092 | 0 | 4 |
_a860.8098 _bP1533 _221 |
| 099 |
_a04 _a860.8098 P1533 |
||
| 245 | 0 | 3 |
_aLa palabra recuperada : _bmitos prehispanicos en la literatura latinoamericana / _cHelena Usandizaga (ed.). |
| 260 |
_aMadrid : _bIberoamericana ; _aFrankfurt am Main : _bVervuert, _c2006. |
||
| 300 |
_a256 p. ; _c22 cm. |
||
| 504 | _aincludes bibliographical references. | ||
| 505 | 0 | _aRelatos de la ausencia : historia, mito y ficcion en La historia de Martin Caparros y el entenado de Juan Jose Saer / Florencia Bianco -- Mito, despojo y elegia por la querencia pastoril en Yawar Fiesta de Josâe Marâia Arguedas / Magdalena Chocano -- Del espejo enterrado al Michlâan : presencias mâiticas en Villoro, Fresâan y Bolaنno / Dunia Gras -- Tres categorâias del mito en Macumaâima de Mario de Andrade / Marcin Kazmierczak -- El camino de las huacas : del Inca Garcilaso a Josâe Marâia Arguedas / William Rowe -- Irradiaciâon semâantica de los mitos andinos en El pez de oro de Gamaliel Churata / Helena Usandizaga -- Relato del Popul Vuh, libro mâagico de los mayas-quiche / Jose Ignacio Uzquiza -- Fronteras coloniales : mitos, ficciâon y parodia en el Norte de Mâexico / Nâuria Vilanova. | |
| 650 | 0 |
_aIndian mythology _zLatin America _xIn literature. |
|
| 650 | 0 |
_aSpanish American literature _xHistory and criticism. |
|
| 650 | 0 |
_aSpanish American literature _xIndian influences. |
|
| 700 | 1 | _aUsandizaga, Helena. | |
| 902 | _a1 | ||
| 905 |
_aJamal _eRev. |
||
| 905 |
_aJihan _eCat. |
||
| 942 |
_2ddc _cBK |
||
| 999 |
_c134639 _d134639 |
||